| 000 | 00611nam a2200241Ia 4500 | ||
|---|---|---|---|
| 008 | 160620s9999||||xx |||||||||||||| ||und|| | ||
| 040 | _cEnglish | ||
| 082 | _aXV.E/Satyananda | ||
| 082 | _bBORI-88594 | ||
| 245 | _aTeachings Of Swami Satyananda Saraswati | ||
| 260 | _bsri G. K. Kejriwal | ||
| 300 | _a286 | ||
| 300 | _cB | ||
| 300 | _eHardbound | ||
| 530 | _bGuru | ||
| 530 | _u00088594.pdf | ||
| 563 | _aRef | ||
| 630 | _aTeachings Of Swami Satyananda Saraswati | ||
| 650 | _aCollected Works | ||
| 650 | _areference | ||
| 730 | _aTeachings Of Swami Satyananda Saraswati | ||
| 942 | _cBOOK | ||
| 999 |
_c1392506 _d1392503 |
||